| 000 | 00440nam a22001577a 4500 | ||
|---|---|---|---|
| 999 |
_c1825 _d1825 |
||
| 008 | 200205b ||||| |||| 00| 0 eng d | ||
| 082 | 0 | 0 |
_a621.815 _bP1899 |
| 100 |
_91443 _aPandya, N. C. |
||
| 245 | 1 | 0 |
_aElements of machine design / _cby Pandya, N. C. and Shah, C. S. |
| 250 | _a13th ed. | ||
| 260 |
_aNew Delhi: _bCharotar Media, _c1997. |
||
| 300 | _axvi, 1064 p. | ||
| 650 | 0 | _aMachine Design | |
| 700 |
_92182 _aShah, C.S. |
||
| 942 | _cBK | ||